| 000 | 00483pab a2200169 454500 | ||
|---|---|---|---|
| 008 | 180718b1988 xxu||||| |||| 00| 0 eng d | ||
| 100 | _aManasan, Rosario G. | ||
| 245 | _aThe public enterprise sector in Philippines economic contribution and performance, 1975-1984 | ||
| 260 | _c1988 | ||
| 300 | _a339-51 | ||
| 362 | _aDec. | ||
| 650 | _aGovernment Enterprise - Philippines | ||
| 700 | _aGill Beltran | ||
| 700 | _aJuanita Anatong | ||
| 773 | _aPublic Enterprise | ||
| 909 | _a9351 | ||
| 999 |
_c9351 _d9351 |
||